000 00571nam a2200217Ia 4500
003 OSt
005 20220928135449.0
006 a|||||r|||| 00| 0
007 ta
008 220927b |||||||| |||| 00| 0 eng d
024 _a2325
037 _cTextual
040 _aSDCL
_cSDCL
_beng
041 _2eng
_aeng
082 _aO-,1J:g(R9(Y)), M5
100 _aSloane Thomas O
_9490798
245 0 _aDonne, Milton and the end of humanist rhetoric
260 _c1985
942 _hO-,1J:g(R9(Y)), M5
_cTEXL
_2CC
999 _c806136
_d806136